000 00563nam a2200181 u 4500
001 000017925
003 OSt
005 20240308073618.0
008 100407s1985 dr 000 0 spa d
040 _aDO-SdBNP
_bspa
_cBNPHU
082 _axxxx
_bD325c
100 1 _aDeive, Carlos Esteban,
_d1935-2019
_91916
245 1 4 _aLos cimarrones del Maniel de Neiba :
_bhistoria y etnografía /
_cCarlos Esteban Deive.
260 _aSanto Domingo :
_bBanco Central de la República Dominicana,
_c1985.
300 _a199 p. ;
_c23 cm.
942 _2ddc
_cLF1
956 _aLOPEREZ
999 _c17449
_d17449